000 00375 a2200157 4500
001 58115
020 _a
040 _cAnchieta - Pituba
100 _aSantana, Birão
240 1 0 _aCães amestrados não farejarão meu rastro
_lpor
245 1 0 _aCães amestrados não farejarão meu rastro
300 _a70
362 0 _a1987
650 4 _aPoesia brasileira
942 _cBK
999 _c58115
_d58115